000 00841nam a2200229 a 4500
001 000017042
005 20240307073946.0
008 100316s1985 dr 001 0 spa d
040 _aDO-SdBNP
_bspa
_cBNPHU
082 _axxx
_bB333s
100 1 _aBatista del Villar, Guarocuya
_920408
245 1 0 _aSalud, capitalismo dependiente y transición revolucionaria /
_cGuarocuya Batista del Villar.
260 _aSanto Domingo :
_bUASD,
_c1985.
300 _a139 p. ;
_c21 cm.
490 1 _aSalud y sociedad
_v6
490 1 _aPublicaciones de la Universidad Autónoma de Santo Domingo
_v398
504 _aIncluye bibliografias [p. 129-131]
710 1 _aUniversidad Autónoma de Santo Domingo
_972951
830 0 _aSalud y sociedad
_913999
830 0 _aPublicaciones de la Universidad Autónoma de Santo Domingo
_n398
_937606
049 _aBNPD
999 _c16568
_d16568